Sports Quiz

Random Sports or NFL Quiz
Score 0/255 Timer 20:00
0 Plays Today
Team Player % Correct
2001 New England PatriotsTom Brady
96.1%
2003 New England PatriotsTom Brady
96.1%
2004 New England PatriotsTom Brady
96.1%
2014 New England PatriotsTom Brady
95.9%
2018 New England PatriotsTom Brady
95.9%
2006 Indianapolis ColtsPeyton Manning
95.3%
2007 New York GiantsEli Manning
95.3%
2011 New York GiantsEli Manning
95.3%
2016 New England PatriotsTom Brady
94.9%
2015 Denver BroncosPeyton Manning
91.5%
2019 Kansas City ChiefsPatrick Mahomes
91.2%
2010 Green Bay PackersAaron Rodgers
91.2%
2009 New Orleans SaintsDrew Brees
90.2%
1992 Dallas CowboysEmmitt Smith
89.9%
1993 Dallas CowboysEmmitt Smith
89.9%
1995 Dallas CowboysEmmitt Smith
89.9%
1997 Denver BroncosRod Smith
89.5%
1998 Denver BroncosRod Smith
89.5%
1988 San Francisco 49ersJerry Rice
89.4%
1989 San Francisco 49ersJerry Rice
89.4%
1994 San Francisco 49ersJerry Rice
89.4%
1987 Washington RedskinsTimmy Smith
89.4%
2001 New England PatriotsAntowain Smith
89.4%
2003 New England PatriotsAntowain Smith
89.4%
2012 Baltimore RavensJoe Flacco
89.4%
2012 Baltimore RavensTorrey Smith
89.3%
2013 Seattle SeahawksRussell Wilson
89.2%
2012 Baltimore RavensRay Rice
89.1%
1967 Green Bay PackersBen Wilson
87.9%
2005 Pittsburgh SteelersBen Roethlisberger
87.6%
2008 Pittsburgh SteelersBen Roethlisberger
87.6%
1981 San Francisco 49ersJoe Montana
87%
1984 San Francisco 49ersJoe Montana
87%
1988 San Francisco 49ersJoe Montana
87%
1989 San Francisco 49ersJoe Montana
87%
2019 Kansas City ChiefsDamien Williams
86.8%
1974 Pittsburgh SteelersTerry Bradshaw
86.1%
1975 Pittsburgh SteelersTerry Bradshaw
86.1%
1978 Pittsburgh SteelersTerry Bradshaw
86.1%
1979 Pittsburgh SteelersTerry Bradshaw
86.1%
2011 New York GiantsAhmad Bradshaw
85.7%
1996 Green Bay PackersBrett Favre
85.2%
1997 Denver BroncosJohn Elway
85.1%
1998 Denver BroncosJohn Elway
85.1%
2017 Philadelphia EaglesNick Foles
85%
1992 Dallas CowboysTroy Aikman
84%
1993 Dallas CowboysTroy Aikman
84%
1995 Dallas CowboysTroy Aikman
84%
1994 San Francisco 49ersSteve Young
83.3%
2019 Kansas City ChiefsTyreek Hill
83%
1999 Saint Louis RamsKurt Warner
82.7%
2013 Seattle SeahawksMarshawn Lynch
81.5%
1966 Green Bay PackersBart Starr
79.6%
1967 Green Bay PackersBart Starr
79.6%
2002 Tampa Bay BuccaneersBrad Johnson
79.2%
2002 Tampa Bay BuccaneersKeyshawn Johnson
79%
1977 Dallas CowboysButch Johnson
78.7%
2018 New England PatriotsJulian Edelman
78.4%
1968 New York JetsJoe Namath
75.2%
1999 Saint Louis RamsMarshall Faulk
74.5%
2016 New England PatriotsJulian Edelman
72.8%
2006 Indianapolis ColtsMarvin Harrison
72.7%
1997 Denver BroncosTerrell Davis
71.7%
1998 Denver BroncosTerrell Davis
71.7%
1986 New York GiantsPhil Simms
71.5%
2005 Pittsburgh SteelersHines Ward
71.5%
2008 Pittsburgh SteelersHines Ward
71.5%
1976 Oakland RaidersClarence Davis
71.1%
1992 Dallas CowboysMichael Irvin
71%
1993 Dallas CowboysMichael Irvin
71%
1995 Dallas CowboysMichael Irvin
71%
1971 Dallas CowboysRoger Staubach
70.9%
1977 Dallas CowboysRoger Staubach
70.9%
2006 Indianapolis ColtsReggie Wayne
70.6%
2015 Denver BroncosDemaryius Thomas
70.4%
2000 Baltimore RavensTrent Dilfer
70.3%
1974 Pittsburgh SteelersFranco Harris
70%
1975 Pittsburgh SteelersFranco Harris
70%
1978 Pittsburgh SteelersFranco Harris
70%
1979 Pittsburgh SteelersFranco Harris
70%
1987 Washington RedskinsDoug Williams
69.6%
1995 Dallas CowboysKevin Williams
69.1%
1970 Baltimore ColtsJohnny Unitas
68.5%
2014 New England PatriotsJulian Edelman
67.6%
1999 Saint Louis RamsTorry Holt
67%
Team Player % Correct
2010 Green Bay PackersJames Jones
66.9%
2012 Baltimore RavensJacoby Jones
66.8%
2010 Green Bay PackersJordy Nelson
66.4%
1999 Saint Louis RamsIsaac Bruce
64.5%
1985 Chicago BearsWalter Payton
64.1%
2009 New Orleans SaintsMarques Colston
64.1%
2015 Denver BroncosC.J. Anderson
64.1%
1985 Chicago BearsJim McMahon
63.5%
2009 New Orleans SaintsPierre Thomas
63.5%
1971 Dallas CowboysDuane Thomas
63.1%
2019 Kansas City ChiefsSammy Watkins
63.1%
2001 New England PatriotsTroy Brown
63%
2003 New England PatriotsTroy Brown
63%
1982 Washington RedskinsCharlie Brown
62.7%
2011 New York GiantsVictor Cruz
62.1%
1972 Miami DolphinsBob Griese
60.5%
1973 Miami DolphinsBob Griese
60.5%
2015 Denver BroncosEmmanuel Sanders
58.2%
1975 Pittsburgh SteelersLynn Swann
57.9%
1978 Pittsburgh SteelersLynn Swann
57.9%
1979 Pittsburgh SteelersLynn Swann
57.9%
2016 New England PatriotsLeGarrette Blount
57.2%
2018 New England PatriotsSony Michel
56.8%
2003 New England PatriotsDeion Branch
56.3%
2004 New England PatriotsDeion Branch
56.3%
1976 Oakland RaidersCliff Branch
56%
1980 Oakland RaidersCliff Branch
56%
1983 Los Angeles RaidersCliff Branch
56%
1974 Pittsburgh SteelersFrank Lewis
56%
2007 New York GiantsBrandon Jacobs
56%
2006 Indianapolis ColtsJoseph Addai
55.7%
2005 Pittsburgh SteelersWillie Parker
55.3%
2008 Pittsburgh SteelersWillie Parker
55.3%
1982 Washington RedskinsJoe Theismann
55.2%
2010 Green Bay PackersDonald Driver
54.9%
1976 Oakland RaidersKen Stabler
54.7%
2007 New York GiantsPlaxico Burress
54.2%
2010 Green Bay PackersGreg Jennings
53.6%
1990 New York GiantsOttis Anderson
53.4%
1983 Los Angeles RaidersMarcus Allen
52.3%
1969 Kansas City ChiefsLen Dawson
51.8%
2013 Seattle SeahawksDoug Baldwin
51.5%
1991 Washington RedskinsMark Rypien
51.1%
2004 New England PatriotsCorey Dillon
50.9%
2000 Baltimore RavensPriest Holmes
49.4%
2017 Philadelphia EaglesAlshon Jeffery
49.3%
1980 Oakland RaidersJim Plunkett
49.1%
1983 Los Angeles RaidersJim Plunkett
49.1%
1988 San Francisco 49ersJohn Taylor
48.6%
1989 San Francisco 49ersJohn Taylor
48.6%
1994 San Francisco 49ersJohn Taylor
48.6%
2012 Baltimore RavensAnquan Boldin
48.5%
1969 Kansas City ChiefsOtis Taylor
48.4%
2017 Philadelphia EaglesJay Ajayi
48.4%
1982 Washington RedskinsJohn Riggins
48%
1988 San Francisco 49ersRoger Craig
47.9%
1989 San Francisco 49ersRoger Craig
47.9%
2011 New York GiantsHakeem Nicks
46.9%
1990 New York GiantsJeff Hostetler
45.4%
2009 New Orleans SaintsReggie Bush
45.1%
1972 Miami DolphinsLarry Csonka
45%
1973 Miami DolphinsLarry Csonka
45%
1966 Green Bay PackersJim Taylor
44.6%
1969 Kansas City ChiefsRobert Holmes
44.5%
1967 Green Bay PackersDonny Anderson
43.9%
1984 San Francisco 49ersRoger Craig
43.8%
1973 Miami DolphinsMercury Morris
43.6%
1981 San Francisco 49ersDwight Clark
41.1%
1984 San Francisco 49ersDwight Clark
41.1%
1987 Washington RedskinsGary Clark
40.9%
1991 Washington RedskinsGary Clark
40.9%
1974 Pittsburgh SteelersRocky Bleier
40.2%
1975 Pittsburgh SteelersRocky Bleier
40.2%
1978 Pittsburgh SteelersRocky Bleier
40.2%
1979 Pittsburgh SteelersRocky Bleier
40.2%
1975 Pittsburgh SteelersJohn Stallworth
39.7%
1978 Pittsburgh SteelersJohn Stallworth
39.7%
1979 Pittsburgh SteelersJohn Stallworth
39.7%
2007 New York GiantsAmani Toomer
39.6%
1991 Washington RedskinsArt Monk
39.4%
2010 Green Bay PackersJames Starks
39.1%
1986 New York GiantsJoe Morris
38.5%
1996 Green Bay PackersAntonio Freeman
37.9%
1977 Dallas CowboysTony Dorsett
37.7%
2002 Tampa Bay BuccaneersMike Alstott
37.3%
Team Player % Correct
1994 San Francisco 49ersRicky Watters
36.3%
1987 Washington RedskinsRicky Sanders
36%
2016 New England PatriotsChris Hogan
34%
2018 New England PatriotsChris Hogan
33.3%
2017 Philadelphia EaglesNelson Agholor
33.2%
2013 Seattle SeahawksGolden Tate
32.6%
1992 Dallas CowboysDaryl Johnston
29.8%
1993 Dallas CowboysDaryl Johnston
29.8%
1995 Dallas CowboysDaryl Johnston
29.8%
1972 Miami DolphinsJim Kiick
28.5%
1997 Denver BroncosEd McCaffrey
26.8%
1998 Denver BroncosEd McCaffrey
26.8%
1984 San Francisco 49ersWendell Tyler
26.1%
2009 New Orleans SaintsDevery Henderson
25.9%
1992 Dallas CowboysAlvin Harper
25.9%
1993 Dallas CowboysAlvin Harper
25.9%
2014 New England PatriotsBrandon LaFell
25.4%
1985 Chicago BearsWillie Gault
25.3%
1990 New York GiantsMark Ingram
24.9%
1976 Oakland RaidersFred Biletnikoff
23.3%
1966 Green Bay PackersElijah Pitts
22.4%
2005 Pittsburgh SteelersAntwaan RandleEl
22.1%
1996 Green Bay PackersWilliam Henderson
19.6%
1977 Dallas CowboysDrew Pearson
19.6%
1988 San Francisco 49ersTom Rathman
18.6%
1989 San Francisco 49ersTom Rathman
18.6%
1968 New York JetsDon Maynard
18.3%
2002 Tampa Bay BuccaneersMichael Pittman
16.8%
1996 Green Bay PackersEdgar Bennett
16.5%
1972 Miami DolphinsPaul Warfield
15.4%
1973 Miami DolphinsPaul Warfield
15.4%
2002 Tampa Bay BuccaneersKeenan McCardell
14.5%
2004 New England PatriotsDavid Givens
14.3%
1991 Washington RedskinsEarnest Byner
13.9%
1996 Green Bay PackersAndre Rison
13.9%
1971 Dallas CowboysBob Hayes
13.8%
1968 New York JetsMatt Snell
12.4%
2012 Baltimore RavensVonta Leach
11.6%
1968 New York JetsEmerson Boozer
11.3%
2000 Baltimore RavensBrandon Stokley
10.8%
2001 New England PatriotsDavid Patten
10%
1983 Los Angeles RaidersKenny King
9.8%
2000 Baltimore RavensQadry Ismail
9.8%
2011 New York GiantsHenry Hynoski
9.6%
1980 Oakland RaidersKenny King
9.5%
1985 Chicago BearsMatt Suhey
9%
1971 Dallas CowboysLance Alworth
8.5%
1986 New York GiantsStacy Robinson
8.3%
1981 San Francisco 49ersFreddie Solomon
8.2%
1984 San Francisco 49ersFreddie Solomon
8.2%
1994 San Francisco 49ersWilliam Floyd
7.9%
1976 Oakland RaidersMark van Eeghen
7.9%
1980 Oakland RaidersMark van Eeghen
7.9%
1969 Kansas City ChiefsMike Garrett
7.8%
1982 Washington RedskinsAlvin Garrett
7.8%
1966 Green Bay PackersBoyd Dowler
7.7%
1967 Green Bay PackersBoyd Dowler
7.7%
1977 Dallas CowboysRobert Newhouse
7%
1981 San Francisco 49ersEarl Cooper
6.7%
1970 Baltimore ColtsRoy Jefferson
6.6%
2001 New England PatriotsMarc Edwards
6.6%
1971 Dallas CowboysWalt Garrison
5.4%
1985 Chicago BearsDennis McKinnon
5.4%
1997 Denver BroncosHoward Griffith
5.1%
1998 Denver BroncosHoward Griffith
5.1%
1968 New York JetsGeorge Sauer
4.9%
1981 San Francisco 49ersRicky Patton
4.5%
1969 Kansas City ChiefsFrank Pitts
4%
1967 Green Bay PackersCarroll Dale
3.8%
1980 Oakland RaidersBob Chandler
3.7%
1972 Miami DolphinsHoward Twilley
3.4%
1986 New York GiantsLionel Manuel
3.4%
2004 New England PatriotsPatrick Pass
3.3%
1986 New York GiantsMaurice Carthon
3.2%
2000 Baltimore RavensSam Gash
2.7%
2005 Pittsburgh SteelersDan Kreider
2.7%
2003 New England PatriotsLarry Centers
2.3%
1966 Green Bay PackersMarv Fleming
1.8%
1974 Pittsburgh SteelersRon Shanklin
1.7%
1999 Saint Louis RamsRobert Holcombe
1.7%
1970 Baltimore ColtsNorm Bulaich
1.6%
1973 Miami DolphinsMarlin Briscoe
1.6%
1970 Baltimore ColtsEddie Hinton
1.5%
1970 Baltimore ColtsTom Nowatzke
1.1%
1983 Los Angeles RaidersMalcolm Barnwell
0.9%
Come Together.
Have Fun.
All Virtual.
We all need to come together. Play Sporcle's virtual live trivia to have fun, connect with people, and get your trivia on. Join a live hosted trivia game for your favorite pub trivia experience done virtually. If a virtual private party is more your thing, go here for details.

You're not logged in!

Compare scores with friends on all Sporcle quizzes.
OR
Log In

Sporcle TV

Today on Sporcle TV


Watch our educational content, quiz creation guides, and fun videos on Sporcle TV.

Show Comments

Extras

Top Quizzes Today


Score Distribution

Paid Content

Your Account Isn't Verified!

In order to create a playlist on Sporcle, you need to verify the email address you used during registration. Go to your Sporcle Settings to finish the process.

Report this User

Report this user for behavior that violates our Community Guidelines.

Details: